000 00369nam a2200133Ia 4500
005 20260328104258.0
008 260328s9999||||xx |||||||||||||| ||und||
100 _aSennett, Richard
245 0 _aCarne y Piedra :
_b el cuerpo y la Ciudad en la Civilización Occidental /
_cRichard Sennett
260 _bAlianza
300 _a454 p.
650 _aHISTORIA
942 _cBK
999 _c10509
_d10509